BOYSHIT lyrics - Statistics

General Stats
  • This quiz has been taken 10 times
  • The average score is 285 of 363
Answer Stats
Hint Answer % Correct
a
100%
boy
100%
I
100%
Verse 1 I'm
100%
in
100%
just
100%
let
100%
lettin'
100%
me
100%
no
100%
So
100%
so
100%
the
100%
to
100%
To
100%
you
100%
You
100%
your
100%
(Your
100%
you're
100%
You're
100%
Refrain All
86%
and
86%
boyshit
86%
Boyshit
86%
but
86%
But
86%
'cause
86%
'Cause
86%
don't
86%
Verse 2 Don't
86%
down
86%
fightin'
86%
it
86%
kissin'
86%
like
86%
man
86%
my
86%
on
86%
One
86%
one
86%
see
86%
sound
86%
speak
86%
Yeah
86%
yeah
86%
yeah)
86%
back
71%
can't
71%
could
71%
eye
71%
know
71%
life
71%
many
71%
might
71%
never
71%
now
71%
ruin
71%
think
71%
times
71%
understand
71%
We
71%
would
71%
yellin'
71%
always
57%
avoid
57%
change
57%
coming
57%
it's
57%
mind
57%
not
57%
poison
57%
rather
57%
seem
57%
shit
57%
(Shit
57%
shit)
57%
swear
57%
talk
57%
thought
57%
too
57%
when
57%
with
57%
woman
57%
act
43%
communicate
43%
game
43%
how
43%
if
43%
If
43%
off
43%
pointless
43%
temptin'
43%
that
43%
way
43%
age
29%
call
29%
couldn't
29%
doin'
29%
dust
29%
have
29%
leavin'
29%
love's
29%
or
29%
start
29%
tried
29%
tryna
29%
until
29%
words
29%
ya
29%
get
14%
is
14%
movin'
14%
through
14%
up
14%
We're
14%
level
0%
understamd
0%
No matching quizzes found
Score Distribution
Percent of People with Each Score
Percentile by Number Answered
Your Score History
You have not taken this quiz